[Event "IRI-ch (Women)"]
[Site "Tehran"]
[Date "2017.11.07"]
[Round "8"]
[White "Hashemi, Seyede Fatemeh"]
[Black "Paktinat, Zhina"]
[Result "1-0"]
[WhiteElo "1826"]
[BlackElo "1858"]
[PlyCount "136"]
[EventDate "2017.11.02"]
[EventType "swiss"]
[EventRounds "9"]
[EventCountry "IRI"]
[SourceTitle "CBM 181 Extra"]
[Source "ChessBase"]
[SourceDate "2017.12.12"]
[SourceVersion "1"]
[SourceVersionDate "2017.12.12"]
[SourceQuality "1"]

1. e4 e5 2. Nf3 Nf6 3. Nxe5 d6 4. Nf3 Nxe4 5. d4 d5 6. Bd3 Nc6 7. 0-0 Be7 8. Re1 Bg4 9. c4 Nf6 10. cxd5 Nxd5 11. Nc3 0-0 12. Be3 Nxe3 13. fxe3 Bh4 14. Rf1 Re8 15. Qd2 Bxf3 16. Rxf3 Bg5 17. Be4 Qe7 18. Raf1 f6 19. Kh1 Rad8 20. Qc2 g6 21. Qb3+ Kh8 22. Qxb7 Nb8 23. Bc2 c6 24. Qxe7 Rxe7 25. Ne4 Kg7 26. Nxg5 fxg5 27. h3 Na6 28. Bb3 Rdd7 29. Ba4 Rd6 30. Rc1 Rc7 31. a3 c5 32. Bb3 Rf6 33. Rxf6 Kxf6 34. Bc4 Nb8 35. Rf1+ Kg7 36. d5 Re7 37. d6 Rd7 38. Rd1 Kf6 39. Rd5 Ke6 40. b4 Rxd6 41. Rxg5+ Kf6 42. Rxc5 Nc6 43. e4 Ne5 44. Bd5 Ra6 45. Rc3 Rb6 46. Kh2 h5 47. h4 g5 48. hxg5+ Kxg5 49. Rc5 Kf4 50. g3+ Kf3 51. Ba8 Re6 52. Kh3 Re8 53. Bd5 Re7 54. Kh4 Kf2 55. Rc2+ Kf3 56. Rc3+ Kf2 57. Kxh5 Rg7 58. a4 Nf3 59. g4 Rg5+ 60. Kh6 Rxg4 61. Rc7 Nd2 62. Rxa7 Nxe4 63. Bxe4 Rxe4 64. Rb7 Ke3 65. a5 Re6+ 66. Kg7 Ra6 67. Rb6 Ra7+ 68. Kf6 Kd4 1-0

[Event "Asia zt 3.1 (Women)"]
[Site "Tehran"]
[Date "2017.07.05"]
[Round "7"]
[White "Hejazipour, Mitra"]
[Black "Hashemi, Seyede Fatemeh"]
[Result "1-0"]
[WhiteElo "2351"]
[BlackElo "1903"]
[PlyCount "99"]
[EventDate "2017.06.30"]
[EventType "swiss"]
[EventRounds "9"]
[EventCountry "IRI"]
[SourceTitle "CBM 179 Extra"]
[Source "ChessBase"]
[SourceDate "2017.08.23"]
[SourceVersion "1"]
[SourceVersionDate "2017.08.23"]
[SourceQuality "1"]

1. d4 Nf6 2. c4 g6 3. Nc3 Bg7 4. e4 d6 5. Be2 0-0 6. Be3 e5 7. d5 Nbd7 8. Nf3 Ng4 9. Bg5 f6 10. Bc1 f5 11. Ng5 Nc5 12. b4 Na6 13. Rb1 Nf6 14. Ne6 Bxe6 15. dxe6 Qe7 16. exf5 gxf5 17. Nd5 Nxd5 18. cxd5 Rac8 19. 0-0 Nb8 20. b5 Kh8 21. a4 c6 22. bxc6 bxc6 23. Ba3 Rfd8 24. Bc4 cxd5 25. Qxd5 Nc6 26. Kh1 Qc7 27. Bb5 Bh6 28. Rfd1 Ne7 29. Qd3 Qc3 30. Bxd6 Qxd3 31. Rxd3 Bf8 32. Bd7 Rc2 33. Bxe5+ Bg7 34. Bd6 Bf6 35. f3 h6 36. g3 Kg7 37. Rb7 a6 38. a5 Rc1+ 39. Kg2 Rc2+ 40. Kh3 Ra2 41. Ra7 h5 42. Rxa6 h4 43. g4 fxg4+ 44. fxg4 Ng6 45. Ra7 Kh6 46. Rf3 Bg5 47. e7 Nxe7 48. Ra6 Kg7 49. Be5+ Kh7 50. Be6 1-0

[Event "Asian Schools-ch 12th U15 Girls"]
[Site "Tehran"]
[Date "2016.07.11"]
[Round "1.2"]
[White "De Silva, Tenara"]
[Black "Hashemi, Seyede Fatemeh"]
[Result "0-1"]
[WhiteElo "1537"]
[BlackElo "1874"]
[PlyCount "96"]
[EventDate "2016.07.11"]
[EventType "swiss"]
[EventRounds "9"]
[EventCountry "IRI"]
[SourceTitle "EXT 2024"]
[Source "ChessBase"]
[SourceDate "2023.10.10"]
[SourceVersion "1"]
[SourceVersionDate "2023.10.10"]
[SourceQuality "1"]

1. e4 c6 2. d4 d5 3. exd5 cxd5 4. Bd3 Nc6 5. c3 g6 6. Bf4 Nh6 7. Nf3 Bf5 8. Bxh6 Bxh6 9. Qc2 Bxd3 10. Qxd3 Qb6 11. Qc2 Rc8 12. Qb3 Qa6 13. Qxd5 Nb4 14. Qe4 Nd3+ 15. Kf1 Nf4+ 16. Ke1 Nd3+ 17. Kf1 Bc1 18. Nbd2 Bxb2 19. Rb1 Rxc3 20. Kg1 0-0 21. g3 Qxa2 22. Rd1 Qe6 23. Kg2 Qxe4 24. Nxe4 Ra3 25. Rd2 f5 26. Neg5 Bc1 27. Rxd3 Rxd3 28. Rxc1 Re8 29. Rc7 Rb3 30. Ne6 a5 31. Nc5 Rb1 32. Rxb7 Rxb7 33. Nxb7 a4 34. Nc5 a3 35. Nb3 a2 36. Nfd2 Rd8 37. Nf3 Ra8 38. Na1 Rb8 39. Nd2 Rb1 40. Ndb3 Kf7 41. Kf3 Ke6 42. Ke3 Kd5 43. Kd3 Rb2 44. Nd2 Rb1 45. Ndb3 Rf1 46. Ke3 Rh1 47. h4 Kc4 48. Kd2 Rf1 0-1

[Event "IRI-ch (Women)"]
[Site "Tehran"]
[Date "2016.01.19"]
[Round "5"]
[White "Hejazipour, Mitra"]
[Black "Hashemi, Seyede Fatemeh"]
[Result "1-0"]
[WhiteElo "2357"]
[BlackElo "1812"]
[PlyCount "65"]
[EventDate "2016.01.16"]
[EventType "swiss"]
[EventRounds "9"]
[EventCountry "IRI"]
[SourceTitle "CBM 170 Extra"]
[Source "ChessBase"]
[SourceDate "2016.02.25"]
[SourceVersion "1"]
[SourceVersionDate "2016.02.25"]
[SourceQuality "1"]

1. d4 Nf6 2. c4 g6 3. Nc3 Bg7 4. e4 d6 5. Nf3 0-0 6. Be2 e5 7. Be3 Nc6 8. d5 Ne7 9. Nd2 Nd7 10. 0-0 f5 11. f3 f4 12. Bf2 g5 13. b4 Nf6 14. c5 Ng6 15. Nc4 Rf7 16. cxd6 cxd6 17. Nb5 Bf8 18. Nxa7 g4 19. Nxc8 Rxc8 20. Bb6 Qe7 21. Rc1 Nh4 22. Qe1 Nxe4 23. fxe4 f3 24. Qg3 fxe2 25. Rxf7 Kxf7 26. Bf2 Rc7 27. Qxh4 Qxh4 28. Bxh4 Kg8 29. a4 Bh6 30. Rc2 Kg7 31. Kf2 Bd2 32. Rxd2 Rxc4 33. Rxe2 1-0

[Event "IRI-ch (Women)"]
[Site "Tehran"]
[Date "2014.12.15"]
[Round "10"]
[White "Khalaji, Hanieh"]
[Black "Hashemi, Seyede Fatemeh"]
[Result "1-0"]
[WhiteElo "1944"]
[BlackElo "1777"]
[PlyCount "49"]
[EventDate "2014.12.07"]
[EventType "swiss"]
[EventRounds "11"]
[EventCountry "IRI"]
[SourceTitle "CBM 163 Extra"]
[Source "ChessBase"]
[SourceDate "2014.12.23"]
[SourceVersion "1"]
[SourceVersionDate "2014.12.23"]
[SourceQuality "1"]

1. e4 c5 2. Nc3 e6 3. g3 a6 4. Bg2 Qc7 5. d3 b5 6. f4 Bb7 7. Nf3 d6 8. 0-0 Nf6 9. e5 Nfd7 10. Qe2 dxe5 11. fxe5 Be7 12. Ne4 Nc6 13. Bf4 h6 14. g4 Nb6 15. c3 h5 16. gxh5 Rxh5 17. Nfg5 Rh8 18. Bg3 Nd8 19. Qg4 Qd7 20. Rae1 Nd5 21. h4 f5 22. exf6 gxf6 23. Nh7 Rxh7 24. Qg8+ Bf8 25. Nd6+ 1-0

[Event "IRI-ch (Women)"]
[Site "Tehran"]
[Date "2014.12.08"]
[Round "2"]
[White "Hashemi, Seyede Fatemeh"]
[Black "Hamedi Nia, Vesal"]
[Result "1-0"]
[WhiteElo "1777"]
[BlackElo "1742"]
[PlyCount "87"]
[EventDate "2014.12.07"]
[EventType "swiss"]
[EventRounds "11"]
[EventCountry "IRI"]
[SourceTitle "CBM 163 Extra"]
[Source "ChessBase"]
[SourceDate "2014.12.23"]
[SourceVersion "1"]
[SourceVersionDate "2014.12.23"]
[SourceQuality "1"]

1. e4 c5 2. Nc3 e6 3. Nf3 a6 4. d4 cxd4 5. Nxd4 Qc7 6. f4 Bb4 7. Bd2 Bxc3 8. bxc3 Nf6 9. Bd3 d6 10. Qe2 Nbd7 11. g4 h6 12. g5 hxg5 13. fxg5 Nh5 14. g6 Ne5 15. gxf7+ Qxf7 16. Rf1 Qe7 17. Nf3 Nxf3+ 18. Qxf3 Qh4+ 19. Rf2 Nf6 20. 0-0-0 e5 21. Rg1 Bg4 22. Qg3 Qxg3 23. Rxg3 0-0-0 24. Bg5 Be6 25. Bxf6 gxf6 26. Rxf6 Rde8 27. Rgg6 Kd7 28. Rh6 b5 29. Rxe6 Rxh6 30. Rxh6 Rg8 31. Kb2 Kc6 32. h4 a5 33. h5 a4 34. Rh7 Kb6 35. h6 Kc6 36. Rg7 Rh8 37. h7 Kb6 38. Be2 Kc5 39. Bg4 d5 40. Bf5 dxe4 41. Bxe4 b4 42. cxb4+ Kxb4 43. c3+ Kc5 44. Rg8 1-0

[Event "IRI-ch (Women)"]
[Site "Tehran"]
[Date "2014.12.07"]
[Round "1"]
[White "Zahedifar, Anahita"]
[Black "Hashemi, Seyede Fatemeh"]
[Result "1/2-1/2"]
[WhiteElo "1952"]
[BlackElo "1777"]
[PlyCount "116"]
[EventDate "2014.12.07"]
[EventType "swiss"]
[EventRounds "11"]
[EventCountry "IRI"]
[SourceTitle "CBM 163 Extra"]
[Source "ChessBase"]
[SourceDate "2014.12.23"]
[SourceVersion "1"]
[SourceVersionDate "2014.12.23"]
[SourceQuality "1"]

1. d4 Nf6 2. c4 g6 3. Nc3 Bg7 4. e4 d6 5. f3 0-0 6. Bg5 Nc6 7. Nge2 a6 8. Qd2 Rb8 9. Rc1 Bd7 10. b3 Re8 11. d5 Na7 12. Be3 c5 13. e5 dxe5 14. Bxc5 Nc8 15. g4 b5 16. Ng3 bxc4 17. Bxc4 Bb5 18. Be3 Nd6 19. g5 Nd7 20. Bxb5 Nxb5 21. Nge4 Nd4 22. Qf2 Nb6 23. f4 Nxd5 24. 0-0 Nxe3 25. Qxe3 Nf5 26. Qf3 exf4 27. Kh1 Rb4 28. Rcd1 Rd4 29. Qxf4 Qa8 30. Kg1 Red8 31. Qf3 Rxd1 32. Rxd1 Bxc3 33. Rxd8+ Qxd8 34. Qxc3 Qd4+ 35. Qxd4 Nxd4 36. Nc5 a5 37. Kf2 f6 38. gxf6 exf6 39. Ke3 Nc6 40. a3 f5 41. Kf4 h6 42. h4 Kf7 43. Nd3 Kf6 44. b4 g5+ 45. hxg5+ hxg5+ 46. Kg3 axb4 47. axb4 Ne5 48. Nf2 f4+ 49. Kg2 Ke6 50. Nh3 Nf7 51. b5 Kd5 52. Kf3 Ne5+ 53. Kf2 Ng4+ 54. Kf3 Ne5+ 55. Kf2 Nf7 56. Kf3 Ne5+ 57. Kf2 Nf7 58. Kf3 Ne5+ 1/2-1/2

[Event "Wch U12 Girls"]
[Site "Al Ain"]
[Date "2013.12.23"]
[Round "7"]
[White "Prabhugaonkar, Aditee Aman"]
[Black "Hashemi, Seyede Fatemeh"]
[Result "1/2-1/2"]
[WhiteElo "1477"]
[BlackElo "1668"]
[PlyCount "78"]
[EventDate "2013.12.18"]
[EventType "swiss"]
[EventRounds "11"]
[EventCountry "UAE"]
[SourceTitle "CBM 158 Extra"]
[Source "ChessBase"]
[SourceDate "2014.02.28"]
[SourceVersion "1"]
[SourceVersionDate "2014.02.28"]
[SourceQuality "1"]

1. e4 c6 2. d4 d5 3. exd5 cxd5 4. Bd3 Nc6 5. c3 g6 6. Bf4 Nh6 7. Na3 Bf5 8. Nf3 Bg7 9. 0-0 Bxd3 10. Qxd3 Nf5 11. Rfe1 0-0 12. Nc2 Re8 13. Ne3 Nxe3 14. Qxe3 e6 15. Bh6 Bh8 16. Ng5 Qd7 17. Qh3 Ne7 18. g4 Nc6 19. f4 f6 20. Nf3 e5 21. dxe5 fxe5 22. f5 Bg7 23. Kh1 Bxh6 24. Qxh6 Qg7 25. Qh4 h6 26. f6 g5 27. fxg7 gxh4 28. Nxh4 Kxg7 29. Nf5+ Kg6 30. Nd6 Re7 31. Rad1 Rd7 32. Rxd5 Rad8 33. Red1 e4 34. Kg2 Ne7 35. R5d4 Nc6 36. Rd5 Ne7 37. R5d4 Nc6 38. Rd5 Ne7 39. R5d4 Nc6 1/2-1/2

[Event "IRI-ch (Women)"]
[Site "Rasht"]
[Date "2013.12.07"]
[Round "10"]
[White "Zahedifar, Anahita"]
[Black "Hashemi, Seyede Fatemeh"]
[Result "1-0"]
[WhiteElo "1816"]
[BlackElo "1668"]
[PlyCount "91"]
[EventDate "2013.11.30"]
[EventType "swiss"]
[EventRounds "11"]
[EventCountry "IRI"]
[SourceTitle "CBM 157 Extra"]
[Source "ChessBase"]
[SourceDate "2013.12.19"]
[SourceVersion "1"]
[SourceVersionDate "2013.12.19"]
[SourceQuality "1"]

1. d4 d5 2. c4 c6 3. cxd5 cxd5 4. Nc3 Nf6 5. Nf3 Nc6 6. Bf4 a6 7. Rc1 Bf5 8. e3 e6 9. Qb3 Na5 10. Qa4+ Nc6 11. Ne5 Qb6 12. Bb5 Rc8 13. Bxc6+ bxc6 14. 0-0 Nd7 15. Nxd7 Kxd7 16. Rfd1 Kd8 17. b3 Bb4 18. a3 Bxc3 19. Rxc3 Kd7 20. Rc5 Ra8 21. b4 Rhc8 22. f3 Ke7 23. Bg3 Bg6 24. h3 h6 25. Bf2 Qb7 26. Rdc1 Kd7 27. R1c3 f5 28. Bg3 Bf7 29. Qc2 Qb6 30. a4 Be8 31. b5 axb5 32. axb5 Kd8 33. Be5 Qb7 34. bxc6 Ra1+ 35. Kh2 Qb1 36. Qxb1 Rxb1 37. Bxg7 Rb6 38. c7+ Kd7 39. Bxh6 Rb7 40. Bf4 Bh5 41. Rc6 Ke7 42. Ra6 Rb2 43. Bg5+ Kd7 44. Kg3 Rg8 45. c8Q+ Rxc8 46. Ra7+ 1-0

[Event "IRI-ch (Women)"]
[Site "Rasht"]
[Date "2013.12.05"]
[Round "8"]
[White "Khachatourians, Teni"]
[Black "Hashemi, Seyede Fatemeh"]
[Result "1/2-1/2"]
[WhiteElo "1735"]
[BlackElo "1668"]
[PlyCount "90"]
[EventDate "2013.11.30"]
[EventType "swiss"]
[EventRounds "11"]
[EventCountry "IRI"]
[SourceTitle "CBM 157 Extra"]
[Source "ChessBase"]
[SourceDate "2013.12.19"]
[SourceVersion "1"]
[SourceVersionDate "2013.12.19"]
[SourceQuality "1"]

1. e4 c6 2. Nc3 d5 3. Nf3 Bg4 4. h3 Bxf3 5. Qxf3 Nf6 6. d3 e6 7. Qg3 Nh5 8. Qf3 Nf6 9. a3 Qb6 10. Be2 d4 11. Nb1 c5 12. Nd2 Nc6 13. Qg3 Qd8 14. 0-0 h6 15. f4 Rg8 16. Qf2 Be7 17. Nf3 Qc7 18. c3 0-0-0 19. cxd4 Nxd4 20. Nxd4 cxd4 21. Bd2 Kb8 22. e5 Nd5 23. b4 Rd7 24. Rac1 Qb6 25. Rc4 Nc7 26. f5 a6 27. fxe6 fxe6 28. Qg3 Rgd8 29. Rf7 Nb5 30. Qxg7 Nxa3 31. Rc1 Bf8 32. Qf6 Rxf7 33. Qxf7 Ka8 34. Bg4 Bxb4 35. Bxb4 Qxb4 36. Qxe6 Qd2 37. Rc8+ Ka7 38. Rxd8 Qe3+ 39. Kf1 Qc1+ 40. Bd1 Qxd1+ 41. Kf2 Qd2+ 42. Kg3 Qe3+ 43. Kh2 Qf4+ 44. Kg1 Qc1+ 45. Kh2 Qf4+ 1/2-1/2

[Event "IRI-ch (Women)"]
[Site "Rasht"]
[Date "2013.12.04"]
[Round "6"]
[White "Hashemi, Seyede Fatemeh"]
[Black "Vagoohian, Ramila"]
[Result "1-0"]
[WhiteElo "1668"]
[BlackElo "1695"]
[PlyCount "89"]
[EventDate "2013.11.30"]
[EventType "swiss"]
[EventRounds "11"]
[EventCountry "IRI"]
[SourceTitle "CBM 157 Extra"]
[Source "ChessBase"]
[SourceDate "2013.12.19"]
[SourceVersion "1"]
[SourceVersionDate "2013.12.19"]
[SourceQuality "1"]

1. e4 d5 2. exd5 Qxd5 3. Nc3 Qd6 4. d4 Nf6 5. Bd3 a6 6. Nge2 Nc6 7. Bf4 Qd8 8. Qd2 g6 9. 0-0-0 Be6 10. Be3 Qd7 11. Nf4 Bd5 12. a3 0-0-0 13. Qe2 e6 14. f3 Rg8 15. Ncxd5 exd5 16. Bxa6 Na7 17. Bd3 Re8 18. Qf2 g5 19. Ne2 Bh6 20. g4 Kb8 21. Ng3 Nc6 22. Bb5 Bf8 23. Rd3 Re6 24. Nf5 Qd8 25. Bxc6 Rxc6 26. Rb3 Rg6 27. h4 h6 28. h5 Rg8 29. Re1 Nd7 30. Bd2 Nb6 31. Bb4 Bxb4 32. axb4 Re8 33. Rbe3 Rce6 34. Nxh6 Rxe3 35. Rxe3 Rxe3 36. Qxe3 Qf6 37. Nf5 Nc4 38. Qe8+ Ka7 39. h6 Nd6 40. Nxd6 Qxd6 41. h7 Qf4+ 42. Kb1 Qxf3 43. Qa4+ Kb6 44. h8Q Qf1+ 45. Ka2 1-0